[Event "Dubai Police op-A"]
[Site "Dubai"]
[Date "2024.05.12"]
[Round "9"]
[White "Artemiev, Vladislav"]
[Black "Sanal, Vahap"]
[Result "1/2-1/2"]
[WhiteElo "2705"]
[BlackElo "2566"]
[PlyCount "117"]
[EventDate "2024.05.04"]
[EventType "swiss"]
[EventRounds "9"]
[EventCountry "UAE"]
[SourceTitle "CB20_2024"]
[SourceDate "2024.05.16"]
[SourceVersion "1"]
[SourceVersionDate "2024.05.16"]
[SourceQuality "1"]

1. Nf3 d5 2. g3 g6 3. Bg2 Bg7 4. d4 Nf6 5. c4 c6 6. cxd5 cxd5 7. Nc3 0-0 8. Ne5 e6 9. Bg5 h6 10. Bf4 Nfd7 11. Nf3 Nc6 12. 0-0 a6 13. e4 dxe4 14. Nxe4 Nf6 15. Nxf6+ Qxf6 16. Ne5 Nxe5 17. dxe5 Qe7 18. Rc1 Rd8 19. Qb3 Bd7 20. Qxb7 Rab8 21. Qc7 Rxb2 22. Rfd1 Rbb8 23. Qa7 Qe8 24. Qxa6 g5 25. Be3 Bxe5 26. Qa5 Bf6 27. Be4 Bb5 28. Bb6 Rxd1+ 29. Rxd1 Bc6 30. Bxc6 Qxc6 31. Be3 Ra8 32. Qd2 Qc4 33. Rc1 Qxa2 34. Qxa2 Rxa2 35. Rc4 Ra1+ 36. Kg2 Rd1 37. g4 Kg7 38. h3 Rd5 39. Kf3 Rd8 40. Ra4 Kg6 41. Rc4 Be5 42. Kg2 Rd6 43. Re4 Rd5 44. Rc4 f5 45. gxf5+ Kxf5 46. Kf3 Bd6 47. h4 Be5 48. hxg5 Bd6 49. Rg4 e5 50. Rc4 hxg5 51. Rg4 Be7 52. Rc4 Rd1 53. Rc7 Bf6 54. Kg2 Rd5 55. Rc5 Rxc5 56. Bxc5 g4 57. f3 gxf3+ 58. Kxf3 e4+ 59. Ke2 1/2-1/2

[Event "Dubai Police op-A"]
[Site "Dubai"]
[Date "2024.05.10"]
[Round "7"]
[White "Aditya, Mittal"]
[Black "Artemiev, Vladislav"]
[Result "1/2-1/2"]
[WhiteElo "2608"]
[BlackElo "2705"]
[PlyCount "71"]
[EventDate "2024.05.04"]
[EventType "swiss"]
[EventRounds "9"]
[EventCountry "UAE"]
[SourceTitle "CB20_2024"]
[SourceDate "2024.05.16"]
[SourceVersion "1"]
[SourceVersionDate "2024.05.16"]
[SourceQuality "1"]

1. e4 e5 2. Nf3 Nc6 3. Nc3 Nf6 4. Bb5 Bb4 5. 0-0 0-0 6. d3 d6 7. Ne2 Ne7 8. c3 Ba5 9. Ng3 c6 10. Ba4 Ng6 11. d4 h6 12. Bc2 Re8 13. h3 d5 14. Nxe5 Nxe5 15. dxe5 Nxe4 16. Qh5 Bc7 17. Bf4 Nf6 18. exf6 Bxf4 19. Rae1 Rxe1 20. Rxe1 Bxg3 21. Re7 Be6 22. fxg3 Qb6+ 23. Kh2 Qf2 24. Qd1 Qxf6 25. Rxb7 Qf2 26. Bb1 c5 27. Qa4 c4 28. Qc6 Rc8 29. Qd6 Qe1 30. Bg6 fxg6 31. Re7 Rf8 32. Rxe6 Qd2 33. Qd7 Rf2 34. Qe8+ Rf8 35. Qd7 Rf2 36. Qe8+ 1/2-1/2

[Event "Dubai Police op-A"]
[Site "Dubai"]
[Date "2024.05.08"]
[Round "5"]
[White "Artemiev, Vladislav"]
[Black "Sethuraman, SP."]
[Result "1/2-1/2"]
[WhiteElo "2705"]
[BlackElo "2593"]
[PlyCount "48"]
[EventDate "2024.05.04"]
[EventType "swiss"]
[EventRounds "9"]
[EventCountry "UAE"]
[SourceTitle "CB20_2024"]
[SourceDate "2024.05.16"]
[SourceVersion "1"]
[SourceVersionDate "2024.05.16"]
[SourceQuality "1"]

1. Nf3 Nf6 2. g3 c5 3. Bg2 Nc6 4. 0-0 e5 5. e4 d6 6. c3 Nxe4 7. d4 f5 8. Re1 Be7 9. dxe5 dxe5 10. Qxd8+ Kxd8 11. Nbd2 Nxd2 12. Nxd2 Bf6 13. Nc4 Be6 14. Nxe5 Nxe5 15. Bf4 Ng6 16. Rxe6 Nxf4 17. gxf4 Kc7 18. Rd1 Rad8 19. Rxd8 Rxd8 20. Kf1 Rd2 21. Re2 Rd1+ 22. Re1 Rd2 23. Re2 Rd1+ 24. Re1 Rd2 1/2-1/2

[Event "Dubai Police op-A"]
[Site "Dubai"]
[Date "2024.05.04"]
[Round "1"]
[White "Suyarov, Mukhammadzokhid"]
[Black "Artemiev, Vladislav"]
[Result "0-1"]
[WhiteElo "2431"]
[BlackElo "2705"]
[PlyCount "68"]
[EventDate "2024.05.04"]
[EventType "swiss"]
[EventRounds "9"]
[EventCountry "UAE"]
[SourceTitle "CB20_2024"]
[SourceDate "2024.05.16"]
[SourceVersion "1"]
[SourceVersionDate "2024.05.16"]
[SourceQuality "1"]

1. e4 c5 2. Nf3 d6 3. Bb5+ Nd7 4. c4 Ngf6 5. Nc3 a6 6. Ba4 g6 7. 0-0 Bg7 8. d3 0-0 9. h3 Ne8 10. Be3 Nc7 11. d4 b5 12. cxb5 Rb8 13. dxc5 Nxc5 14. Bxc5 dxc5 15. Qxd8 Rxd8 16. Rfd1 Rxd1+ 17. Rxd1 Bxc3 18. bxc3 axb5 19. Rd8+ Kg7 20. Bb3 c4 21. Bd1 Ra8 22. Ne5 f6 23. Nc6 Bb7 24. Rd7 Bxc6 25. Rxc7 Rxa2 26. Kf1 Be8 27. Ke1 Kf7 28. h4 Ke6 29. g4 Kd6 30. Rc8 Bd7 31. Rd8 Kc7 32. Rh8 b4 33. cxb4 c3 34. Rxh7 Ra1 0-1

[Event "Shenzhen Longgang 5th"]
[Site "Shenzhen"]
[Date "2024.03.01"]
[Round "2"]
[White "Artemiev, Vladislav"]
[Black "Ma, Qun"]
[Result "1-0"]
[WhiteElo "2711"]
[BlackElo "2651"]
[PlyCount "63"]
[EventDate "2024.02.29"]
[EventType "tourn"]
[EventRounds "7"]
[EventCountry "CHN"]
[EventCategory "18"]
[SourceTitle "CB11_2024"]
[SourceDate "2024.03.13"]
[SourceVersion "1"]
[SourceVersionDate "2024.03.13"]
[SourceQuality "1"]

1. e4 e5 2. Nf3 Nc6 3. Bb5 Nf6 4. 0-0 Nxe4 5. d4 Nd6 6. Bxc6 dxc6 7. dxe5 Nf5 8. Qxd8+ Kxd8 9. h3 Be7 10. Rd1+ Ke8 11. g4 Nh4 12. Nxh4 Bxh4 13. Nc3 h5 14. f3 f5 15. exf6 gxf6 16. Bf4 hxg4 17. hxg4 f5 18. g5 Kf7 19. Be5 Re8 20. Bf6 Kg6 21. f4 b6 22. Rd3 Kh5 23. Rh3 Kg4 24. Kh2 Bf2 25. Kg2 Re3 26. Nd1 Rg3+ 27. Rxg3+ Bxg3 28. Be5 Bh4 29. Ne3+ Kh5 30. Rh1 Bb7 31. Kf1 Rd8 32. g6 1-0

[Event "Chessable Masters Div 2 Win"]
[Site "Chess.com INT"]
[Date "2024.02.04"]
[Round "3.1"]
[White "Artemiev, Vladislav"]
[Black "Aronian, Levon"]
[Result "1-0"]
[WhiteElo "2711"]
[BlackElo "2725"]
[PlyCount "179"]
[EventDate "2024.02.02"]
[EventType "k.o. (rapid)"]
[EventRounds "6"]
[EventCountry "USA"]
[SourceTitle "CB06_2024"]
[SourceDate "2024.02.07"]
[SourceVersion "1"]
[SourceVersionDate "2024.02.07"]
[SourceQuality "1"]

1. Nf3 Nf6 2. c4 c5 3. d4 cxd4 4. Nxd4 Nc6 5. g3 d5 6. Bg2 e5 7. Nxc6 bxc6 8. 0-0 Be6 9. Qa4 Qd7 10. Nc3 Rc8 11. cxd5 cxd5 12. Qxd7+ Kxd7 13. Rd1 Bc5 14. Na4 Rhd8 15. Bd2 Bb6 16. Nxb6+ axb6 17. Bc3 d4 18. e3 Nd5 19. exd4 Nxc3 20. bxc3 Rxc3 21. dxe5+ Ke7 22. Rdb1 g5 23. Rxb6 Ra3 24. Be4 h5 25. Bc2 Rda8 26. Rb2 R8a5 27. Rab1 Rxa2 28. Rxa2 Rxa2 29. Bb3 Re2 30. Bxe6 Kxe6 31. Rb6+ Kxe5 32. Rh6 Kf5 33. Rxh5 Kg6 34. Rh8 Kg7 35. Rd8 Ra2 36. h3 f6 37. Kf1 Kg6 38. Re8 Ra1+ 39. Re1 Ra2 40. Re2 Ra1+ 41. Kg2 Ra3 42. Re4 Ra2 43. Kf3 Ra3+ 44. Re3 Ra4 45. Rd3 Ra2 46. h4 gxh4 47. gxh4 Ra4 48. Kg3 Rb4 49. Rd5 Rb3+ 50. Kg4 Rb4+ 51. f4 Rb6 52. Rc5 Ra6 53. Rb5 Rc6 54. h5+ Kh6 55. Ra5 Rb6 56. Kf3 Rb4 57. Rf5 Ra4 58. Kg3 Rb4 59. Kg4 Rb6 60. Rc5 Ra6 61. Rc7 Ra5 62. Rf7 Ra6 63. Kf5 Ra5+ 64. Kxf6 Ra6+ 65. Kf5 Ra5+ 66. Kg4 Ra1 67. Rf6+ Kg7 68. Rg6+ Kh7 69. f5 Rg1+ 70. Kf4 Rf1+ 71. Kg5 Rg1+ 72. Kf6 Rh1 73. Rg7+ Kh6 74. Rg6+ Kh7 75. Rg7+ Kh6 76. Rg8 Kh7 77. Ra8 Rxh5 78. Ke6 Rh1 79. f6 Re1+ 80. Kf7 Rb1 81. Kf8 Rb7 82. f7 Kg6 83. Ra6+ Kh7 84. Re6 Rb8+ 85. Re8 Rb7 86. Re1 Rb8+ 87. Ke7 Rb7+ 88. Kf6 Rb6+ 89. Re6 Rb8 90. Re8 1-0

[Event "Chessable Masters Div 2 Win"]
[Site "Chess.com INT"]
[Date "2024.02.03"]
[Round "2.5"]
[White "Nakamura, Hikaru"]
[Black "Artemiev, Vladislav"]
[Result "0-1"]
[WhiteElo "2788"]
[BlackElo "2711"]
[PlyCount "98"]
[EventDate "2024.02.02"]
[EventType "k.o. (rapid)"]
[EventRounds "6"]
[EventCountry "USA"]
[SourceTitle "CB06_2024"]
[SourceDate "2024.02.07"]
[SourceVersion "1"]
[SourceVersionDate "2024.02.07"]
[SourceQuality "1"]

1. e4 e5 2. Nf3 Nc6 3. d4 exd4 4. Nxd4 Bc5 5. Nxc6 Qf6 6. Be3 Bxe3 7. fxe3 bxc6 8. Qd4 c5 9. Qc3 Rb8 10. e5 Qh4+ 11. g3 Qe4 12. Rg1 Qb4 13. b3 Ne7 14. a3 Qxc3+ 15. Nxc3 Ng6 16. Nb5 Nxe5 17. 0-0-0 Rb7 18. a4 a6 19. Na3 Rb8 20. Be2 d6 21. Kb2 Ke7 22. Rd2 Bg4 23. Bxa6 Nf3 24. Rgg2 Nxd2 25. Rxd2 Be6 26. Be2 d5 27. Kc3 c6 28. Rd1 Rhd8 29. Bd3 f5 30. Ra1 Kd6 31. Nb1 g5 32. Nd2 Ke5 33. Nf3+ Kf6 34. Rf1 h6 35. g4 f4 36. exf4 gxf4 37. h3 d4+ 38. Kd2 c4 39. bxc4 Rb4 40. Nh4 Bxc4 41. Rxf4+ Kg5 42. Ng2 Bxd3 43. Kxd3 Rxa4 44. Rf5+ Kg6 45. Nf4+ Kh7 46. Rf7+ Kg8 47. Rc7 Ra3+ 48. Ke4 Re3+ 49. Kf5 Rf8+ 0-1

[Event "Chessable Play In Match D1"]
[Site "Chess.com INT"]
[Date "2024.02.01"]
[Round "2.2"]
[White "Firouzja, Alireza"]
[Black "Artemiev, Vladislav"]
[Result "1/2-1/2"]
[WhiteElo "2760"]
[BlackElo "2711"]
[PlyCount "181"]
[EventDate "2024.02.01"]
[EventType "k.o. (rapid)"]
[EventRounds "2"]
[EventCountry "USA"]
[SourceTitle "CB06_2024"]
[SourceDate "2024.02.07"]
[SourceVersion "1"]
[SourceVersionDate "2024.02.07"]
[SourceQuality "1"]

1. e4 e5 2. Nf3 Nc6 3. Bb5 a6 4. Ba4 Nf6 5. 0-0 Be7 6. Re1 b5 7. Bb3 0-0 8. h3 Bb7 9. d3 d6 10. c3 Re8 11. a4 Na5 12. Ba2 c5 13. Na3 b4 14. cxb4 cxb4 15. Nc4 h6 16. Bd2 Nxc4 17. Bxc4 a5 18. Qb3 Rf8 19. Rac1 Rc8 20. Be3 Rc6 21. Nh4 d5 22. exd5 Nxd5 23. Nf5 Nxe3 24. Nxe7+ Qxe7 25. Rxe3 Qg5 26. Rf1 Rg6 27. Rg3 Qf6 28. Bd5 Bxd5 29. Qxd5 Rxg3 30. fxg3 Qb6+ 31. Kh2 Qd4 32. Qxd4 exd4 33. Rf5 Rc8 34. Rxa5 Rc2 35. Rd5 Rxb2 36. Rxd4 b3 37. Rb4 h5 38. g4 hxg4 39. Rxg4 Rd2 40. Rd4 b2 41. Rb4 Rxd3 42. Rxb2 Ra3 43. Rb4 g5 44. Rg4 Kh7 45. Rxg5 Rxa4 46. Kg3 Rb4 47. Rg4 Rb3+ 48. Kh4 Kh6 49. Rf4 Kg6 50. Rf3 Rb5 51. Rg3+ Kh6 52. Rg8 Rb4+ 53. Kg3 Kh7 54. Rg4 Rb5 55. Kf4 Kh6 56. Rg8 Rc5 57. g3 Rb5 58. h4 f6 59. g4 Kh7 60. Ra8 Kg7 61. Ra7+ Kh6 62. h5 Rb1 63. Rf7 Rf1+ 64. Kg3 Rg1+ 65. Kf3 Rf1+ 66. Kg2 Rf4 67. Kg3 Rf1 68. Rf8 Kg7 69. Ra8 Rg1+ 70. Kf3 Rf1+ 71. Kg2 Rf4 72. Kg3 Rf1 73. Ra3 Rg1+ 74. Kf4 Rf1+ 75. Rf3 Rb1 76. Rd3 Rf1+ 77. Kg3 Rg1+ 78. Kf3 Rf1+ 79. Kg2 Rf4 80. Kg3 Rf1 81. Rd7+ Kh6 82. Rf7 Rg1+ 83. Kh3 Rf1 84. Rf8 Rf3+ 85. Kh4 Rf4 86. Rf7 Rf3 87. Rf8 Kg7 88. Ra8 Kh6 89. Ra7 Rf4 90. Kg3 Rf1 91. Rf7 1/2-1/2

[Event "Wch Blitz"]
[Site "Samarkand"]
[Date "2023.12.30"]
[Round "17"]
[White "Duda, Jan Krzysztof"]
[Black "Artemiev, Vladislav"]
[Result "1/2-1/2"]
[WhiteElo "2732"]
[BlackElo "2711"]
[PlyCount "110"]
[EventDate "2023.12.29"]
[EventType "swiss (blitz)"]
[EventRounds "21"]
[EventCountry "UZB"]
[SourceTitle "CB01_2024"]
[SourceDate "2024.01.03"]
[SourceVersion "1"]
[SourceVersionDate "2024.01.03"]
[SourceQuality "1"]

1. d4 Nf6 2. c4 e6 3. Nf3 d5 4. Nc3 Nbd7 5. Qc2 c6 6. e4 dxe4 7. Nxe4 Nxe4 8. Qxe4 Bb4+ 9. Bd2 Bxd2+ 10. Nxd2 0-0 11. Bd3 Nf6 12. Qe3 e5 13. dxe5 Ng4 14. Qg3 Qd4 15. Be4 Qxb2 16. Rb1 Qxe5 17. 0-0 Qxg3 18. hxg3 Rd8 19. Rb2 Be6 20. Rc1 Rd7 21. Nb3 Rad8 22. Bf3 b6 23. Bxg4 Bxg4 24. f3 Be6 25. Kf2 c5 26. a4 Rd1 27. Rcc2 g6 28. g4 Kg7 29. a5 R1d3 30. axb6 axb6 31. Nd2 R3d4 32. Ke3 R8d6 33. Rc3 h5 34. gxh5 gxh5 35. Ne4 Rc6 36. Rcb3 Rxc4 37. Rxb6 Rxb6 38. Rxb6 Rc2 39. g3 c4 40. Kf4 Rc1 41. Rc6 Bd5 42. Rc5 Bxe4 43. Kxe4 c3 44. Rxh5 c2 45. Kd3 Rf1 46. Kxc2 Rxf3 47. Rg5+ Kf6 48. Rg8 Re3 49. Kd2 Re7 50. Rg4 Kf5 51. Rf4+ Kg5 52. Kd3 f5 53. Kd2 Re8 54. Rd4 Re5 55. Rf4 Re4 1/2-1/2

[Event "Wch Blitz"]
[Site "Samarkand"]
[Date "2023.12.29"]
[Round "7"]
[White "Carlsen, Magnus"]
[Black "Artemiev, Vladislav"]
[Result "1/2-1/2"]
[WhiteElo "2830"]
[BlackElo "2711"]
[PlyCount "48"]
[EventDate "2023.12.29"]
[EventType "swiss (blitz)"]
[EventRounds "21"]
[EventCountry "UZB"]
[SourceTitle "CB01_2024"]
[SourceDate "2024.01.03"]
[SourceVersion "1"]
[SourceVersionDate "2024.01.03"]
[SourceQuality "1"]

1. e4 e5 2. Nf3 Nc6 3. Bb5 a6 4. Ba4 Nf6 5. 0-0 Be7 6. Re1 b5 7. Bb3 0-0 8. c3 d5 9. exd5 Nxd5 10. d4 exd4 11. cxd4 Bf6 12. Nc3 Nxc3 13. bxc3 Bf5 14. h3 Na5 15. Ba3 Re8 16. Qd2 Nxb3 17. axb3 Qd5 18. Qf4 Rxe1+ 19. Rxe1 Be6 20. b4 Qb3 21. Qc1 Qd5 22. Qf4 Qb3 23. Qc1 Qd5 24. Qf4 Qb3 1/2-1/2

[Event "Wch Rapid"]
[Site "Samarkand"]
[Date "2023.12.28"]
[Round "11"]
[White "Korobov, Anton"]
[Black "Artemiev, Vladislav"]
[Result "1/2-1/2"]
[WhiteElo "2672"]
[BlackElo "2711"]
[PlyCount "54"]
[EventDate "2023.12.26"]
[EventType "swiss (rapid)"]
[EventRounds "13"]
[EventCountry "UZB"]
[SourceTitle "CB01_2024"]
[SourceDate "2024.01.03"]
[SourceVersion "1"]
[SourceVersionDate "2024.01.03"]
[SourceQuality "1"]

1. d4 Nf6 2. c4 e6 3. Nf3 d5 4. Nc3 h6 5. e3 Nbd7 6. Qc2 Be7 7. b3 0-0 8. Bb2 b6 9. Be2 Bb7 10. 0-0 c5 11. cxd5 Nxd5 12. Nxd5 Bxd5 13. Rad1 Rc8 14. Qb1 c4 15. bxc4 Bxc4 16. Bxc4 Rxc4 17. e4 Qc8 18. d5 exd5 19. exd5 Bf6 20. Bxf6 Nxf6 21. Rfe1 Qc5 22. d6 Rd8 23. Ne5 Rc2 24. Nd3 Qc3 25. Ne5 Qc5 26. Nd3 Qc3 27. Ne5 Qc5 1/2-1/2

[Event "Wch Rapid"]
[Site "Samarkand"]
[Date "2023.12.27"]
[Round "8"]
[White "Artemiev, Vladislav"]
[Black "Tari, Aryan"]
[Result "1-0"]
[WhiteElo "2711"]
[BlackElo "2623"]
[PlyCount "61"]
[EventDate "2023.12.26"]
[EventType "swiss (rapid)"]
[EventRounds "13"]
[EventCountry "UZB"]
[SourceTitle "CB01_2024"]
[SourceDate "2024.01.03"]
[SourceVersion "1"]
[SourceVersionDate "2024.01.03"]
[SourceQuality "1"]

1. c4 c5 2. Nf3 Nf6 3. e3 g6 4. b3 Bg7 5. Bb2 0-0 6. Be2 b6 7. d4 cxd4 8. Nxd4 Bb7 9. 0-0 d6 10. Bf3 Qd7 11. Nc3 Nc6 12. Nde2 Ne5 13. Bxb7 Qxb7 14. Nf4 Rfd8 15. Qe2 a6 16. Rfd1 Rab8 17. Ncd5 Nxd5 18. Nxd5 e6 19. Nb4 b5 20. cxb5 Qxb5 21. Qxb5 Rxb5 22. Nxa6 Nf3+ 23. gxf3 Bxb2 24. Rab1 Ba3 25. b4 Ra8 26. Rxd6 Rc8 27. Rd3 Bc1 28. f4 g5 29. Rd1 Ba3 30. Rb3 Bc1 31. Nc5 1-0

[Event "Wch Rapid"]
[Site "Samarkand"]
[Date "2023.12.27"]
[Round "9"]
[White "Predke, Alexandr"]
[Black "Artemiev, Vladislav"]
[Result "1/2-1/2"]
[WhiteElo "2689"]
[BlackElo "2711"]
[PlyCount "128"]
[EventDate "2023.12.26"]
[EventType "swiss (rapid)"]
[EventRounds "13"]
[EventCountry "UZB"]
[SourceTitle "CB01_2024"]
[SourceDate "2024.01.03"]
[SourceVersion "1"]
[SourceVersionDate "2024.01.03"]
[SourceQuality "1"]

1. d4 Nf6 2. c4 e6 3. Nf3 d5 4. Nc3 Nbd7 5. cxd5 exd5 6. Bg5 h6 7. Bf4 Nb6 8. Qc2 Bd6 9. Bxd6 Qxd6 10. e3 c6 11. Bd3 Be6 12. 0-0 0-0 13. a4 a5 14. h3 Nbd7 15. Ne2 Rfe8 16. Nd2 Nf8 17. Nf4 Bd7 18. Nf3 Rec8 19. Ne5 Rc7 20. Rac1 Be8 21. Ne2 c5 22. Nc3 cxd4 23. exd4 Ne6 24. Nf3 Qb4 25. Rfd1 Rac8 26. Ra1 Nf4 27. Bf5 Bd7 28. Bxd7 Rxd7 29. Qd2 Ne6 30. Re1 Rc4 31. Rad1 Ne4 32. Nxe4 dxe4 33. Qxb4 Rxb4 34. Rxe4 Rxa4 35. Re5 Nf4 36. Rb5 f6 37. d5 Kf7 38. h4 Rb4 39. Rxa5 Rxb2 40. d6 Ne2+ 41. Kh2 Nc3 42. Rd4 Nb5 43. Rd5 Nc3 44. Rd4 b6 45. Ra8 Nb5 46. Rf4 Rxd6 47. Rb8 Re2 48. Rb4 Nc3 49. Rb7+ Re7 50. R4xb6 Rxb6 51. Rxb6 Re2 52. Rb7+ Kg8 53. Nd4 Rxf2 54. Ne6 g5 55. Rg7+ Kh8 56. Rg6 gxh4 57. Rxh6+ Kg8 58. Rxh4 Nd5 59. Rd4 Ne3 60. Kg3 Ra2 61. Rd8+ Kf7 62. Nf4 f5 63. Rd6 Ng4 64. Rb6 Ra4 1/2-1/2

[Event "Wch Rapid"]
[Site "Samarkand"]
[Date "2023.12.26"]
[Round "3"]
[White "Zvjaginsev, Vadim"]
[Black "Artemiev, Vladislav"]
[Result "0-1"]
[WhiteElo "2567"]
[BlackElo "2711"]
[PlyCount "46"]
[EventDate "2023.12.26"]
[EventType "swiss (rapid)"]
[EventRounds "13"]
[EventCountry "UZB"]
[SourceTitle "CB01_2024"]
[SourceDate "2024.01.03"]
[SourceVersion "1"]
[SourceVersionDate "2024.01.03"]
[SourceQuality "1"]

1. e4 e5 2. Nf3 Nc6 3. g3 Nf6 4. d3 Bc5 5. Bg2 d6 6. 0-0 a5 7. c3 0-0 8. Na3 Re8 9. Nc2 h6 10. h3 Ne7 11. Be3 Bxe3 12. Nxe3 c6 13. Qc2 Ng6 14. d4 d5 15. exd5 e4 16. Nd2 cxd5 17. c4 dxc4 18. Rfd1 Be6 19. Nxe4 Nxe4 20. Bxe4 Bxh3 21. Bxg6 fxg6 22. Qxg6 Qd7 23. Nxc4 Qd5 0-1

[Event "Moscow Chess Stars 3.0 Blitz"]
[Site "Moscow"]
[Date "2023.12.19"]
[Round "15"]
[White "Vallejo Pons, Francisco"]
[Black "Artemiev, Vladislav"]
[Result "1/2-1/2"]
[WhiteElo "2667"]
[BlackElo "2711"]
[PlyCount "25"]
[EventDate "2023.12.18"]
[EventType "tourn (blitz)"]
[EventRounds "18"]
[EventCountry "RUS"]
[EventCategory "17"]
[SourceTitle "CB52_2023"]
[SourceDate "2023.12.27"]
[SourceVersion "1"]
[SourceVersionDate "2023.12.27"]
[SourceQuality "1"]

1. e4 e5 2. Nf3 Nc6 3. Bb5 a6 4. Ba4 Nf6 5. Nc3 Be7 6. Bxc6 dxc6 7. Nxe5 Nxe4 8. Nxe4 Qd5 9. d3 Qxe5 10. 0-0 0-0 11. Re1 Bb4 12. c3 Bd6 13. Nxd6 1/2-1/2

[Event "Moscow Chess Stars 3.0 Blitz"]
[Site "Moscow"]
[Date "2023.12.18"]
[Round "1"]
[White "Artemiev, Vladislav"]
[Black "Radjabov, Teimour"]
[Result "1/2-1/2"]
[WhiteElo "2711"]
[BlackElo "2723"]
[PlyCount "95"]
[EventDate "2023.12.18"]
[EventType "tourn (blitz)"]
[EventRounds "18"]
[EventCountry "RUS"]
[EventCategory "17"]
[SourceTitle "CB51_2023"]
[SourceDate "2023.12.20"]
[SourceVersion "1"]
[SourceVersionDate "2023.12.20"]
[SourceQuality "1"]

1. c4 Nf6 2. Nf3 g6 3. b3 Bg7 4. Bb2 c5 5. g3 d6 6. Bg2 e5 7. 0-0 Nc6 8. Nc3 0-0 9. d3 Rb8 10. Nd2 Be6 11. Nde4 h6 12. Nxf6+ Bxf6 13. a3 a5 14. e3 Bg7 15. Qd2 Kh7 16. Nd5 f5 17. b4 axb4 18. axb4 Bxd5 19. Bxd5 Nxb4 20. Bg2 d5 21. cxd5 Nxd5 22. Rfc1 Qd6 23. Ra5 Rfc8 24. d4 exd4 25. exd4 Nb4 26. Raxc5 Rxc5 27. Rxc5 Nc6 28. Rd5 Qe7 29. h4 h5 30. Bc3 Rd8 31. Rxd8 Qxd8 32. d5 Ne5 33. Qb2 Qc7 34. d6 Qxd6 35. Kh1 Ng4 36. Kg1 Bxc3 37. Qxc3 b6 38. Qb3 Kg7 39. Qb2+ Nf6 40. Bf1 Qc5 41. Qa1 Qc7 42. Qd4 Qc5 43. Qa1 b5 44. Qd1 b4 45. Qd2 Qc3 46. Qd6 Qb3 47. Qe7+ Qf7 48. Qxb4 1/2-1/2

[Event "Moscow Chess Stars 3.0 Blitz"]
[Site "Moscow"]
[Date "2023.12.18"]
[Round "3"]
[White "Grischuk, Alexander"]
[Black "Artemiev, Vladislav"]
[Result "1/2-1/2"]
[WhiteElo "2732"]
[BlackElo "2711"]
[PlyCount "92"]
[EventDate "2023.12.18"]
[EventType "tourn (blitz)"]
[EventRounds "18"]
[EventCountry "RUS"]
[EventCategory "17"]
[SourceTitle "CB51_2023"]
[SourceDate "2023.12.20"]
[SourceVersion "1"]
[SourceVersionDate "2023.12.20"]
[SourceQuality "1"]

1. d4 Nf6 2. Bf4 b6 3. e3 Bb7 4. Nd2 g6 5. Ngf3 Bg7 6. Bd3 c5 7. c3 0-0 8. 0-0 Nc6 9. h3 d5 10. Ne5 Nd7 11. Nxd7 Qxd7 12. Nf3 Rfe8 13. a4 e5 14. dxe5 Nxe5 15. Bxe5 Bxe5 16. Bb5 Bc6 17. Qd3 Bf6 18. Rfd1 Rad8 19. Bxc6 Qxc6 20. Qb5 Re6 21. Qxc6 Rxc6 22. Rd3 Rcd6 23. Rad1 Be7 24. Kf1 Kf8 25. Ng1 Bf6 26. Ne2 Be5 27. f4 Bg7 28. e4 c4 29. R3d2 R6d7 30. Kf2 Ke7 31. exd5 Kd6 32. g4 Kc5 33. Ng3 Rxd5 34. Ne4+ Kc6 35. Rxd5 Rxd5 36. Rxd5 Kxd5 37. Kf3 f5 38. gxf5 gxf5 39. Ng3 Ke6 40. Nf1 a6 41. Ne3 b5 42. axb5 axb5 43. Nc2 Kd5 44. Ne3+ Ke6 45. Nc2 Kd5 46. Ne3+ Ke6 1/2-1/2

[Event "Moscow Chess Stars 3.0 Blitz"]
[Site "Moscow"]
[Date "2023.12.18"]
[Round "7"]
[White "Sadhwani, Raunak"]
[Black "Artemiev, Vladislav"]
[Result "1-0"]
[WhiteElo "2654"]
[BlackElo "2711"]
[PlyCount "87"]
[EventDate "2023.12.18"]
[EventType "tourn (blitz)"]
[EventRounds "18"]
[EventCountry "RUS"]
[EventCategory "17"]
[SourceTitle "CB51_2023"]
[SourceDate "2023.12.20"]
[SourceVersion "1"]
[SourceVersionDate "2023.12.20"]
[SourceQuality "1"]

1. e4 e6 2. d4 d5 3. e5 c5 4. c3 Bd7 5. Nf3 Nc6 6. a3 f6 7. Bd3 fxe5 8. Nxe5 Nxe5 9. dxe5 Ne7 10. Qh5+ g6 11. Qe2 Qc7 12. Nd2 Nc6 13. f4 0-0-0 14. Nf3 c4 15. Bb1 Bc5 16. Be3 Na5 17. Bc2 Rhf8 18. 0-0-0 b6 19. h4 Nb3+ 20. Kb1 Ba4 21. h5 Bxe3 22. Qxe3 Nc5 23. Bxa4 Nxa4 24. Nd4 Qf7 25. Rdf1 Nc5 26. Ka2 gxh5 27. f5 exf5 28. Rxf5 Qg6 29. Rfxh5 Rd7 30. e6 Re7 31. Rxd5 Qxg2 32. Rxc5+ bxc5 33. Qe5 cxd4 34. Qc5+ Kd8 35. Qd6+ Kc8 36. Qxe7 Rd8 37. Rxh7 Qc6 38. Rh5 Qb6 39. Rc5+ Kb8 40. Rb5 Qxb5 41. Qxd8+ Kb7 42. Qxd4 Qc6 43. e7 Qe6 44. Qd8 1-0

[Event "Moscow Chess Stars 3.0 Rapid"]
[Site "Moscow"]
[Date "2023.12.15"]
[Round "5"]
[White "Karjakin, Sergey"]
[Black "Artemiev, Vladislav"]
[Result "1/2-1/2"]
[WhiteElo "2750"]
[BlackElo "2711"]
[PlyCount "63"]
[EventDate "2023.12.14"]
[EventType "tourn (rapid)"]
[EventRounds "9"]
[EventCountry "RUS"]
[EventCategory "17"]
[SourceTitle "CB51_2023"]
[SourceDate "2023.12.20"]
[SourceVersion "1"]
[SourceVersionDate "2023.12.20"]
[SourceQuality "1"]

1. e4 e5 2. Nf3 Nc6 3. Bb5 a6 4. Ba4 Nf6 5. 0-0 Be7 6. Re1 b5 7. Bb3 0-0 8. c3 d5 9. exd5 Nxd5 10. Nxe5 Nxe5 11. Rxe5 c6 12. d3 Bd6 13. Re1 Bf5 14. Qf3 Qh4 15. g3 Qh3 16. Nd2 Rae8 17. Ne4 Bg4 18. Qg2 Qxg2+ 19. Kxg2 f5 20. Bf4 Bxf4 21. gxf4 fxe4 22. dxe4 Bf3+ 23. Kxf3 Rxf4+ 24. Kg3 Rfxe4 25. Rxe4 Rxe4 26. a4 Re2 27. axb5 axb5 28. Bxd5+ cxd5 29. Rd1 Rxb2 30. Rxd5 Rb3 31. f3 Rxc3 32. Rxb5 1/2-1/2

[Event "Moscow Chess Stars 3.0 Rapid"]
[Site "Moscow"]
[Date "2023.12.14"]
[Round "3"]
[White "Grischuk, Alexander"]
[Black "Artemiev, Vladislav"]
[Result "1/2-1/2"]
[WhiteElo "2732"]
[BlackElo "2711"]
[PlyCount "34"]
[EventDate "2023.12.14"]
[EventType "tourn (rapid)"]
[EventRounds "9"]
[EventCountry "RUS"]
[EventCategory "17"]
[SourceTitle "CB51_2023"]
[SourceDate "2023.12.20"]
[SourceVersion "1"]
[SourceVersionDate "2023.12.20"]
[SourceQuality "1"]

1. d4 d5 2. Nf3 Nf6 3. Bf4 e6 4. e3 c5 5. c3 Bd6 6. Bd3 Nc6 7. Bg3 Bxg3 8. hxg3 Qb6 9. Qc2 Bd7 10. Nbd2 Rc8 11. Qb1 h6 12. a4 cxd4 13. exd4 0-0 14. Bb5 Nb8 15. Bd3 Nc6 16. Bb5 Nb8 17. Be2 Nc6 1/2-1/2